1869 1094 1190 1353 1627 1293 1455 1237 1286 1528 1546 1641 1905 1150 1050 1529 1391 1886 1834 1451 1057 1937 1116 1074 1605 1912 1813 1031 1959 1814 1902 1928 1967 1876 1051 1261 1069 1621 1372 1588 1297 1128 1051 1829 1342 1018 1986 1538 1759 1753 1739 1919 1212 1994 1234 1563 1079 1642 1851 1140 1112 1437 1104 1049 1388 1674 1817 1935 1130 1615 1508 1897 1868 1719 1009 1912 1018 1220 1324 1988 1072 1839 1252 1919 1700 1748 1711 1797 1183 1297 1375 1316 1559 1517 1806 1595 1164 1768 1205 BCNSPRNW ULIB Ver.6.0+V

เปลี่ยนเป็นภาษาไทย

Change to English
 แสดงรายละเอียดบรรณานุกรม
  กลับหน้าหลัก

Brief Record : Get Marc (ISO 2709) : E-mail record : QR code < ปิดหน้าต่าง
LEADER : 00000nam 2200000uu 4500
001    13399121130
003     ULIB
008    121106s2552||||th 000 0 tha d
020    ^a9789747525779
050  4 ^aLB2369^bพ771ก
100 0  ^aพิษณุ ฟองศรี
245 00 ^aการเขียนรายงานการวิจัยชั้นเรียน/^cพิษณุ ฟองศรี
250    ^aพิมพ์ครั้งที่4
260    ^aกรุงเทพฯ :^bเพชรรุ่งการพิมพ์ ,^c2552.
300    ^a127 หน้า :^bภาพประกอบ ;^c26 ซม.
650  0 ^aการวิจัย
650  0 ^aการวิจัยชั้นเรียน
650  0 ^aการเขียนรายงานการวิจัย
650  0 ^aการเขียนรายงานการวิจัยชั้นเรียน
945    ^p100^l0^i16633
999    ^aวิภา
รายการนี้ยังไม่มีแท็ก
คุณยังไม่ได้ล็อกอิน คุณสามารถมีกิจกรรมร่วมกับเว็บไซต์ได้ แต่ต้องล็อกอินก่อน ::
  ล็อกอิน

รายการสื่อสารสนเทศ

ลำดับที่ ประเภท เลขเรียก/บาร์โค้ด สถานที่ สถานะ
1. วิทยาศาสตร์การแพทย์ และสุขภาพ
วิทยาศาสตร์การแพทย์ และสุขภาพ
LB2369 พ771ก  
  Barcode: 16633
ห้องสมุดวิทยาเขตสวรรค์ประชารักษ์
►หนังสือทั่วไป
บนชั้น

รายการใกล้เคียง
    ผู้แต่ง [พิษณุ ฟองศรี]

    หัวเรื่อง [การวิจัย]

BibComment


ยังไม่เคยถูกคอมเมนท์

คอมเมนท์ทรัพยากรรายการนี้
  คอมเมนท์: การเขียนรายงานกา..


 Copyright 2026. Bcnsprnw @Library